000 00483nam a2200181Ia 4500
005 20260429112154.0
008 260429s9999||||xx |||||||||||||| ||und||
020 _a9781641731435
041 _aEnglish
082 _a382
_bSTE
100 _aStewart, Evelyn
245 0 _aHandbook of international trade /
_cEvelyn Stewart
250 _a1st ed.
260 _aNew York :
_bLarsen and Keller,
_c2025.
300 _aviii, 234 p.; pbk
650 _aInternational trade
942 _cTB
999 _c52720
_d52720